[Event "HCL-C137"]
[Site "www.playchess.de"]
[Date "2001.02.06"]
[Round "11"]
[White "sonnygarcia"]
[Black "waxneedles"]
[WhiteElo "1085"]
[BlackElo "789"]
[PlyCount "29"]
[Result "1-0"]

1.e4 e5 2.Nf3 Nc6 3.Bc4 Bc5 4.O-O d6 5.d3 Bg4 
6.Nbd2 Nd4 7.c3 Nxf3+ 8.Nxf3 h5 9.h3 Bxf3 10.Qxf3 
f6 11.Qf5 Ne7 12.Qe6 Rf8 13.Be3 b6 14.Bxc5 bxc5 
15.Bb5+ 1-0

[Event "HCL-C142"]
[Site "www.playchess.de"]
[Date "2001.02.06"]
[Round "22"]
[White "sonnyspock"]
[Black "kldr"]
[WhiteElo "1202"]
[BlackElo "1616"]
[PlyCount "30"]
[Result "0-1"]

1.e4 e5 2.Nf3 Nc6 3.Bc4 Nf6 4.Ng5 d5 5.exd5 Nxd5 
6.d4 exd4 {Hi, Sonny. Playing again at last. Happy 
New Year!Klaus}  7.Nxf7 {Live long and prosper in 
2001}  Bb4+ {Have you played chess in the 
meantime?}  8.c3 {The question is not very clear 
to me. Can you restate it?}  Qe7+ {We could not 
play chess here for 2 months. Have you played 
elsewhere?}  9.Kf1 {yes, in www.itsyourturn.com 
and stansco.com but this site is better.}  Qxf7 {I 
like this site very much and hope that it will 
soon work properly.}  10.Qe2+ {yes, for me it is 
one of the best.}  Be7 {It´s 22.15 p.m. in Germany 
now. Have a nice evening.}  11.Bg5 Be6 12.Bxe7 
Ne3+ 13.Kg1 Bxc4 {Everything seems to be all right 
with the site again.}  14.Qe1 Nxg2 {Hope you are 
fine.}  15.Bc5+ Nxe1 0-1

[Event "HCL-C148"]
[Site "www.playchess.de"]
[Date "2001.02.06"]
[Round "4"]
[White "Translightor"]
[Black "babycakes"]
[WhiteElo "980"]
[BlackElo "661"]
[PlyCount "44"]
[Result "1/2-1/2"]

1.e4 e5 2.Nf3 Nc6 3.Bb5 a6 4.Ba4 b5 5.Bb3 h6 6.d4 
exd4 7.Nxd4 Nf6 8.O-O Bc5 9.Nxc6 dxc6 10.Qe2 Bg4 
11.Qd3 O-O 12.h3 Qxd3 13.cxd3 Be2 14.Re1 Bxd3 
15.e5 Rae8 16.e6 Bc4 17.exf7+ Bxf7 18.Bxf7+ Rxf7 
19.Rxe8+ Nxe8 20.Be3 Bd6 21.Nc3 Nf6 22.a3 
Nd5 1/2-1/2

[Event "HCL-C148"]
[Site "www.playchess.de"]
[Date "2001.02.06"]
[Round "24"]
[White "whoopingfunst"]
[Black "German04"]
[WhiteElo "700"]
[BlackElo "1215"]
[PlyCount "34"]
[Result "0-1"]

1.d4 d5 2.c4 e6 3.Nd2 Nf6 4.Ngf3 Bb4 5.c5 O-O 
6.Qa4 a5 7.a3 Bxd2+ 8.Bxd2 Ne4 9.Bb4 Bd7 10.c6 
Bxc6 11.Qxc6 bxc6 12.Bxf8 Qxf8 13.e3 c5 14.Bd3 Nf6 
15.O-O cxd4 16.exd4 Nc6 17.Ng5 
Nxd4 0-1

[Event "HCL-E016"]
[Site "www.playchess.de"]
[Date "2001.02.06"]
[Round "13"]
[White "Robby"]
[Black "seedythayer"]
[WhiteElo "2000"]
[BlackElo "2238"]
[PlyCount "59"]
[Result "1-0"]

1.f4 Nf6 2.Nf3 d5 3.g3 Bg4 4.Bg2 c6 5.O-O Nbd7 
6.d3 Qc7 7.h3 Bxf3 8.Rxf3 e5 9.fxe5 Nxe5 10.Rf2 
Ng6 11.g4 O-O-O 12.g5 Ne8 13.Nc3 f6 {Hi. At last! 
;-)}  14.e4 dxe4 15.Nxe4 Be7 16.Be3 Kb8 17.c3 Ne5 
18.d4 c5 19.Qe2 Ng6 {I thought I would like the 
position with your K pawns fwrd. No!}  20.Rc1 c4 
21.Rcf1 Rf8 22.Qg4 Qd7 23.R2f5 Nd6 24.Nxd6 Qxd6 
25.Rb5 Rd7 26.Rff5 Qe6 27.Bf2 fxg5 28.Bg3+ Ka8 
29.Rxb7 {I wasn't sure either, but after 15 Ne4: I 
felt secure.}  Rxb7 30.Rb5 1-0

[Event "ACL-A033"]
[Site "www.playchess.de"]
[Date "2001.02.06"]
[Round "11"]
[White "Whoaplayer"]
[Black "MarkusSSG"]
[WhiteElo "1500"]
[BlackElo "1737"]
[PlyCount "42"]
[Result "0-1"]

1.e4 d5 2.exd5 Qxd5 3.Nf3 Bf5 4.h3 Qe4+ 5.Be2 Qxc2 
6.Qxc2 Bxc2 7.Nc3 Bg6 8.O-O e6 9.a3 Nf6 10.b4 c6 
11.Bb2 Bd6 12.Rac1 O-O 13.d3 Nbd7 14.Rfe1 h6 15.d4 
a6 16.Kh1 Rfd8 17.Kg1 Bf4 18.Rcd1 Bc2 19.Rda1 Nb6 
20.a4 a5 21.b5 Nfd5 0-1

[Event "ACL-A037"]
[Site "www.playchess.de"]
[Date "2001.02.06"]
[Round "23"]
[White "antaios"]
[Black "sargon"]
[WhiteElo "1500"]
[BlackElo "1500"]
[PlyCount "41"]
[Result "1-0"]

1.e4 e5 2.Bc4 Bc5 3.Nf3 Nc6 4.O-O d6 5.h3 Nf6 
6.Nc3 O-O 7.a3 a6 8.b4 Ba7 9.d3 Be6 10.Be3 b5 
11.Bd5 Bxd5 12.exd5 Bxe3 13.fxe3 Ne7 14.a4 Nexd5 
15.Nxd5 Nxd5 16.Qd2 Qd7 17.a5 Nf6 18.c4 e4 19.Nh2 
exd3 20.Qxd3 Rfe8 21.cxb5 1-0

[Event "ACL-A044"]
[Site "www.playchess.de"]
[Date "2001.02.06"]
[Round "36"]
[White "player27"]
[Black "Hermi"]
[WhiteElo "1557"]
[BlackElo "1500"]
[PlyCount "75"]
[Result "1/2-1/2"]

1.e4 c6 2.d4 d5 3.exd5 cxd5 4.c4 Nf6 5.Nc3 e6 
6.Nf3 Bb4 7.Bd3 dxc4 8.Bxc4 O-O 9.O-O b6 10.Bg5 
Bb7 11.Ne5 Bxc3 12.bxc3 Qc7 13.Rc1 Nbd7 14.Nxd7 
Nxd7 15.Qe2 Rac8 16.Bd3 h6 17.Bh4 Qd6 18.Bg3 Qa3 
19.c4 Rfd8 20.Qe3 Qa4 21.Qe2 Nb8 22.Bxb8 Rcxb8 
23.Rfd1 Rbc8 24.Qe3 Rc7 25.a3 Kf8 26.Bf1 Rcd7 
27.Rd2 Qa5 28.Rcd1 Qf5 29.Qd3 Qxd3 30.R2xd3 {hi 
Hermi, bereit zur Fortsetzung? hatte hier und in 
einigen anderen Partien glücklicherw. Zugpolster}  
Ke7 {Klar, hat lange genug gedauert}  31.f3 
{schaut auch nicht besser aus...werde aber 
kämpfen}  Ba6 32.R3d2 {habe in den 6 Wochen eine 
neue FS-Seite kennengelernt: www.freechess.de}  
Rc8 33.Rc1 {Turniere auf prof. Niveau bei 
freechess.de, starke Spieler dort}  e5 {werd ich 
bei Gelegenheit mal ansehen, momentan reicht mir 
playchess}  34.Re1 f6 35.f4 Bxc4 36.fxe5 fxe5 
37.Rxe5+ { )}  Kd6 38.Bxc4 1/2-1/2

[Event "ACL-A060"]
[Site "www.playchess.de"]
[Date "2001.02.06"]
[Round "7"]
[White "player27"]
[Black "chrisg"]
[WhiteElo "1625"]
[BlackElo "1762"]
[PlyCount "61"]
[Result "1-0"]

1.e4 c6 2.d4 d5 3.exd5 cxd5 4.c4 Nf6 5.Nc3 e6 
6.Nf3 Bb4 7.Bd3 dxc4 8.Bxc4 O-O 9.O-O b6 10.Bg5 
Bb7 11.Ne5 Be7 12.Qe2 Nc6 13.Bxe6 Qxd4 14.Bxf6 
gxf6 15.Nxc6 Bxc6 16.Bf5 Qf4 17.Qh5 h6 18.Rae1 Bc5 
19.Ne4 Bd4 20.g3 Qe5 21.Nd2 {ENDLICH!!! hab hier 
glücklicherweise ein Zugpolster von anfang 
Dezember}  Bxf2+ {Ja, endlich geht es hier weiter, 
wurde auch Zeit! Gruß Chris}  22.Kxf2 {leider 
immer noch "Server busy"- Meldungen- Enttäuschung} 
 Qd4+ {Ja, ich merke auch keinen Unterschied zu 
vorher! Gruß Chris}  23.Ke2 {Mailsystem ist auch 
noch unzuverlässig, aber nun genug geflucht- 
abwarten}  Qxb2 {Ja! Die in der Vergangenheit 
gemachten Erfahrungen zeigen ja, daß sich hier 
viel tut!}  24.Qg4+ {wenn du den Chat leer lässt, 
kommt die letzte Meldung:-o wird hier noch eine 
ganz heisse Kiste -andy}  Kh8 {Na ja, mal schau'n, 
aber die Vorteile liegen doch klar auf Deiner 
Seite! Gruß Chris}  25.Qf4 {im Blitz- oder 
Schnellschach würde ich die Partie garantiert 
verhauen  ; )}  Kg7 {Ich wünsche Dir ein schönes 
Wochenende! Gruß Chris}  26.Kf2 Qxa2 27.Kg1 { )}  
Qd5 28.Be4 {Ich wünsche Dir noch einen schönen 
Tag! gruss andy}  Qd4+ {und schon wieder 
Wochenende! Gruß Chris}  29.Kh1 {schönen Gruss  
-andy}  Rfc8 30.Qg4+ Kf8 31.Qf5 { )} 
 1-0

[Event "ACL-A062"]
[Site "www.playchess.de"]
[Date "2001.02.06"]
[Round "18"]
[White "player27"]
[Black "Impi"]
[WhiteElo "1638"]
[BlackElo "1500"]
[PlyCount "21"]
[Result "1-0"]

1.e4 c5 2.Nf3 d6 3.d4 cxd4 4.Nxd4 Nf6 5.Nc3 a6 
6.Bg5 Nbd7 7.f4 e5 8.Nb3 h6 9.Bxf6 Nxf6 10.g3 Qb6 
11.Qf3 1-0

[Event "ACL-A062"]
[Site "www.playchess.de"]
[Date "2001.02.06"]
[Round "30"]
[White "Hermi"]
[Black "Bill"]
[WhiteElo "1804"]
[BlackElo "1763"]
[PlyCount "75"]
[Result "1/2-1/2"]

1.d4 d5 2.Nf3 Nf6 3.c4 dxc4 4.e3 e6 5.Bxc4 c5 
6.O-O a6 7.a4 Nc6 8.Qe2 cxd4 9.Rd1 Bd6 10.exd4 O-O 
11.Nc3 Na5 12.Ba2 Bd7 13.Bg5 h6 14.Bxf6 Qxf6 15.d5 
Bb4 16.Rd4 Bxc3 17.bxc3 Rad8 18.Ne5 Bc8 19.Ng4 Qg6 
20.Rad1 exd5 21.Ne5 Qf6 22.R4xd5 Nc6 23.Nxf7 Rde8 
24.Ne5 Kh8 25.f4 Nxe5 26.fxe5 Qc6 27.Qc4 Be6 
28.Qxc6 bxc6 29.R5d2 Bxa2 30.Rxa2 Rxe5 31.g3 Rf3 
32.Rd8+ Kh7 33.a5 Rff5 34.Rc8 Rexa5 35.Rxa5 Rxa5 
36.Rxc6 Ra2 37.c4 a5 38.Ra6 1/2-1/2

[Event "ACL-A067"]
[Site "www.playchess.de"]
[Date "2001.02.06"]
[Round "10"]
[White "player27"]
[Black "SpiderP"]
[WhiteElo "1705"]
[BlackElo "1500"]
[PlyCount "39"]
[Result "1/2-1/2"]

1.e4 e6 2.d4 d5 3.Nd2 Nf6 4.e5 Ne4 5.Bd3 Nxd2 
6.Bxd2 c5 7.c3 cxd4 8.cxd4 Nc6 9.Nf3 Qb6 10.Bc3 
Bd7 11.Rc1 Nb4 12.Bb1 Bb5 13.a3 Nc6 14.Ng5 h6 
15.Nh7 Be7 16.Qg4 g6 17.Nf6+ Bxf6 18.exf6 Bc4 
19.Bxg6 fxg6 20.Qxg6+ 1/2-1/2

[Event "ACL-A068"]
[Site "www.playchess.de"]
[Date "2001.02.06"]
[Round "19"]
[White "denis3"]
[Black "liero"]
[WhiteElo "1500"]
[BlackElo "1500"]
[PlyCount "20"]
[Result "0-1"]

1.e4 e5 2.Nf3 d6 3.d4 exd4 4.Qxd4 Nc6 5.Qa4 Bd7 
6.Bb5 a6 7.Bxc6 Bxc6 8.Qb3 Qe7 9.Ng5 Bxe4 10.O-O 
g6 0-1

[Event "ACL-A070"]
[Site "www.playchess.de"]
[Date "2001.02.06"]
[Round "25"]
[White "peze2"]
[Black "Mr_Arnaud"]
[WhiteElo "1986"]
[BlackElo "1240"]
[PlyCount "43"]
[Result "1-0"]

1.e4 c5 2.Nf3 Nc6 3.d4 cxd4 4.Nxd4 Nf6 5.Nc3 e5 
6.Ndb5 d6 7.Bg5 a6 8.Na3 b5 9.Bxf6 gxf6 10.Nd5 Bg7 
11.c3 f5 12.exf5 Bxf5 13.Nc2 O-O 14.Nce3 Bg6 15.h4 
Ne7 16.h5 Be4 17.h6 Bh8 18.a4 Nxd5 19.Nxd5 {be 
early}  f5 {I would the draw because i must have a 
new comp And i can lost 1 or2 months}  20.f3 
{After 19. ... f5?? black is the loser}  Qg5 {ok i 
would give up}  21.Rh3 {Thank you for the game. I 
hope to see you soon.}  Bxd5 {May you remember why 
i should give up}  22.Qxd5+ {Sorry!} 
 1-0

[Event "HCL-C151"]
[Site "www.playchess.de"]
[Date "2001.02.06"]
[Round "20"]
[White "Pocman"]
[Black "craigsadler"]
[WhiteElo "800"]
[BlackElo "1000"]
[PlyCount "31"]
[Result "1-0"]

1.c4 c5 2.Nc3 Nc6 3.g3 g6 4.Bg2 Bg7 5.Nf3 Nf6 
6.O-O O-O 7.e3 d5 8.cxd5 Nxd5 9.Nxd5 Qxd5 10.d4 
Bg4 11.h3 Bf5 12.Nh4 Be4 13.f3 Bxf3 14.Nxf3 cxd4 
15.Nxd4 Qb5 16.Nxb5 1-0

[Event "ACL-A076"]
[Site "www.playchess.de"]
[Date "2001.02.06"]
[Round "3"]
[White "mladsir"]
[Black "Buziness"]
[WhiteElo "1500"]
[BlackElo "1500"]
[PlyCount "55"]
[Result "1-0"]

1.e4 e5 2.Nf3 Qf6 3.d4 Nc6 4.d5 Nd4 5.Nxd4 exd4 
6.Bc4 Qg6 7.Qf3 Bb4+ 8.Bd2 a5 9.O-O Bxd2 10.Nxd2 
Qh6 11.Nb3 d6 12.Bb5+ Kf8 13.Nxd4 Nf6 14.Rfe1 Ng4 
15.h3 Ne5 16.Qg3 Qd2 17.Nf5 g6 18.f4 Rg8 19.Nh6 
Rh8 20.fxe5 Qxh6 21.exd6 c5 22.d7 Qd2 23.d8Q+ {%}  
Kg7 24.Qe5+ f6 25.Qexf6+ Kh6 26.Qdxh8 Qb4 27.Qhg7+ 
Kh5 {Dur dur !!}  28.Qxh7+ {Thanks for the game!} 
 1-0

[Event "HCL-B144"]
[Site "www.playchess.de"]
[Date "2001.02.06"]
[Round "8"]
[White "mladsir"]
[Black "chrisg"]
[WhiteElo "1500"]
[BlackElo "1459"]
[PlyCount "64"]
[Result "0-1"]

1.e4 c6 2.Nc3 d5 3.exd5 cxd5 4.Bb5+ Nc6 5.Nf3 Nf6 
6.O-O Bf5 7.Nd4 Bd7 8.Nxc6 bxc6 9.Be2 e5 10.d3 Bd6 
11.Bg5 Rb8 12.Rb1 O-O 13.Re1 Bf5 14.Bf3 Re8 15.b3 
Bb4 {Only one move, today I haven't so much time! 
have a nice weekend!}  16.Bd2 Qa5 17.g4 Bg6 18.h4 
Bxc3 19.Bxc3 Qxc3 20.h5 e4 21.hxg6 exf3 {-}  
22.gxf7+ Kxf7 23.Rxe8 Rxe8 24.Qxf3 Re4 25.g5 Rg4+ 
26.Kf1 Rxg5 27.Re1 Qxc2 28.Qe3 Rh5 29.Kg2 Qxa2 
30.Qe7+ Kg6 31.Re3 Rg5+ 32.Kf3 
Rf5+ 0-1

[Event "ACL-A076"]
[Site "www.playchess.de"]
[Date "2001.02.06"]
[Round "21"]
[White "guerino"]
[Black "dakini"]
[WhiteElo "1500"]
[BlackElo "1409"]
[PlyCount "36"]
[Result "0-1"]

1.e4 e5 2.Nf3 Nc6 3.Bb5 a6 4.Ba4 b5 5.Bb3 Nf6 
6.O-O Bc5 7.c3 Nxe4 8.d4 exd4 9.cxd4 Ba7 10.Re1 d5 
11.Nc3 Be6 12.Nxe4 dxe4 13.Rxe4 O-O 14.Bxe6 fxe6 
15.Rxe6 Nxd4 16.Nxd4 Bxd4 17.Re2 Bxf2+ 18.Rxf2 
Qxd1+ 0-1

[Event "ACL-A080"]
[Site "www.playchess.de"]
[Date "2001.02.06"]
[Round "4"]
[White "guerino"]
[Black "Player"]
[WhiteElo "1500"]
[BlackElo "1500"]
[PlyCount "49"]
[Result "1-0"]

1.e4 c5 2.Nf3 d6 3.d4 cxd4 4.Nxd4 Nf6 5.Nc3 a6 
6.Bg5 e6 7.f4 Be7 8.Qf3 Bd7 9.O-O-O Nc6 10.Nxc6 
Bxc6 11.Qe3 Qa5 12.Kb1 Rc8 13.Bd3 Bd7 14.Bxf6 Bxf6 
15.f5 Bxc3 16.bxc3 Qxc3 17.e5 dxe5 18.Rhe1 Qb4+ 
19.Ka1 Rc5 20.Rdb1 Qc3+ 21.Rb2 O-O 22.fxe6 Bxe6 
23.Kb1 b5 24.Qe4 f5 25.Qe3 1-0

[Event "HCL-C158"]
[Site "www.playchess.de"]
[Date "2001.02.06"]
[Round "10"]
[White "dg"]
[Black "Allesnehmer"]
[WhiteElo "1149"]
[BlackElo "1849"]
[PlyCount "40"]
[Result "0-1"]

1.e4 e6 2.Nf3 d5 3.e5 c5 4.c3 Nc6 5.Bb5 Qb6 6.a4 
Nge7 7.d4 cxd4 8.Qxd4 Qc7 9.O-O a6 10.Bxc6+ bxc6 
11.Be3 Rb8 12.b4 c5 13.Qxc5 Nc6 14.Qxf8+ Rxf8 
15.Na3 Nxe5 16.Bf4 Nxf3+ 17.gxf3 Qxf4 18.Rae1 e5 
19.Re3 Bh3 20.Kh1 Bxf1 0-1

[Event "HCL-C161"]
[Site "www.playchess.de"]
[Date "2001.02.06"]
[Round "5"]
[White "dg"]
[Black "Zooey"]
[WhiteElo "1148"]
[BlackElo "1601"]
[PlyCount "54"]
[Result "0-1"]

1.e4 e5 {Hej!}  2.Nf3 Nc6 3.Bb5 a6 4.Bxc6 dxc6 
5.b3 Nf6 6.d3 Bg4 7.h3 Bh5 8.Bb2 Bb4+ 9.c3 Bc5 
10.O-O Qe7 11.Nbd2 O-O-O 12.Qc2 g5 13.b4 Bb6 
14.Nxg5 Rhg8 15.Ngf3 Rg7 16.Nh4 Qd7 17.Nf5 Rg5 
18.h4 Rg4 19.g3 Rxg3+ 20.Nxg3 Qh3 21.d4 exd4 
22.cxd4 Rxd4 23.Bxd4 Bxd4 24.Qd3 Ng4 25.Nf3 Qxg3+ 
26.Kh1 Bxf2 27.Rad1 Qh3+ 0-1

[Event "HCL-C159"]
[Site "www.playchess.de"]
[Date "2001.02.06"]
[Round "2"]
[White "uneek"]
[Black "Player"]
[WhiteElo "1191"]
[BlackElo "1585"]
[PlyCount "62"]
[Result "0-1"]

1.d4 {Hello, Good luck and a virtual hand-shake}  
Nf6 {Good luck! - Sorry, my English is 
terrible...}  2.Nf3 {Your english may be poor but 
the numbers don't lie - your chess is not.  That's 
the important thing.}  g6 3.e3 d5 4.Bd3 Bg7 5.O-O 
O-O 6.b3 Nc6 7.c3 Bg4 8.Ba3 Re8 9.h3 Bxf3 10.Qxf3 
e5 11.Qd1 e4 12.Bb5 Qd7 13.Bxc6 Qxc6 14.Qc2 Rad8 
15.Nd2 Qa6 16.Bb2 Qb6 17.Rfc1 Qe6 18.c4 Rd7 
19.cxd5 Nxd5 20.Qc4 c6 21.b4 Bh6 22.a4 Nxe3 
23.Qxe6 Rxe6 24.fxe3 Bxe3+ 25.Kf1 {It came with 
check!  Why did I not see the CHECK!  Well 
played....}  Bxd2 26.Rcd1 Bxb4 27.Ke2 {3 pawns 
with the endgame to go - I'm a walking dead man.  
I should resign but I play on a bit longer}  f5 
{ok}  28.Ke3 g5 29.g3 Kf7 30.Rdf1 Kg6 31.Rac1 
Bd6 0-1

[Event "HCL-C159"]
[Site "www.playchess.de"]
[Date "2001.02.06"]
[Round "11"]
[White "Player"]
[Black "guerino"]
[WhiteElo "1585"]
[BlackElo "1067"]
[PlyCount "30"]
[Result "0-1"]

1.e4 c5 2.Nf3 d6 3.d4 cxd4 4.Nxd4 Nf6 5.Nc3 g6 
6.Be3 Bg7 7.Bc4 O-O 8.f3 Nc6 9.Qd2 Bd7 10.O-O-O 
Rc8 11.Bb3 Ne5 12.h4 h5 13.Bh6 Nc4 14.Bxc4 Rxc4 
15.Bxg7 Kxg7 0-1

[Event "ACL-A083"]
[Site "www.playchess.de"]
[Date "2001.02.06"]
[Round "19"]
[White "guerino"]
[Black "Player"]
[WhiteElo "1500"]
[BlackElo "1501"]
[PlyCount "29"]
[Result "1-0"]

1.e4 e6 2.d4 d5 3.Nc3 Nf6 4.Bg5 Bb4 5.e5 h6 6.Bd2 
Bxc3 7.bxc3 Ne4 8.Qg4 g6 9.Bd3 Nxd2 10.Kxd2 c5 
11.Qf4 Nc6 12.Nf3 g5 13.Qf6 Qxf6 14.exf6 g4 
15.Ne5 1-0

[Event "HCL-C163"]
[Site "www.playchess.de"]
[Date "2001.02.06"]
[Round "2"]
[White "dakini"]
[Black "Nutz"]
[WhiteElo "1450"]
[BlackElo "1119"]
[PlyCount "31"]
[Result "1-0"]

1.d4 d5 2.c4 {How are you? Fine to play together 
again. Let´s play a good game!}  Nc6 {I'm fine 
thank you and yourself?}  3.cxd5 {I feel very well 
in the moment, thanks!}  Qxd5 {that's good to 
hear}  4.Nf3 {what about u other tournaments?}  e6 
{50/50 - win about half my games - I'm not really 
all that good - but I'm improvng since playing 
here}  5.Nc3 {the same with me here}  Qc4 {Yes, 
but you seem to win most of your games :)}  6.e4 
{but some days as today I make big mistakes ... 
but : no computer here!}  Qb4 {I do too - that is 
why I lose the games I do}  7.a3 {I believe that 
there are many players who use it in HCL 
tournaments. Their problem: No realfun !}  Qb6 {I 
agree - anyway, using a computer is cheating as 
far as I'm concerned}  8.Be3 Na5 9.d5 Qd6 10.Nb5 
Qd7 11.Ne5 Qd8 12.b4 f6 13.Qh5+ {Hello! What 
sports do you do "down there"??}  g6 {Hmm - Nice 
move - Well I'm originally from England so I am 
Football Mad. Rugby, Cricket & Football}  14.Nxg6 
{Me I prefere triathlon here, we have a samll lake 
nearby, and can start cycling and running when 
lea}  Kf7 {There is a lot of Triathlon events here 
as well}  15.Ne5+ {The friend of my womann´s 
sister played in southafrica cricket aswell. A 
fanatstic sport as he descr}  Kg7 {I enjoy 
cricket, but prefer football}  
16.Qf7+ 1-0

[Event "HCL-C166"]
[Site "www.playchess.de"]
[Date "2001.02.06"]
[Round "10"]
[White "Pietros"]
[Black "Player"]
[WhiteElo "1413"]
[BlackElo "1584"]
[PlyCount "37"]
[Result "1-0"]

1.e4 e6 2.d4 d5 3.e5 c5 4.c3 Nc6 5.Nf3 Nge7 6.Bg5 
Qb6 7.Qd2 Nf5 8.Bd3 cxd4 9.Bxf5 exf5 10.cxd4 h6 
11.Be3 Be6 12.O-O g5 13.Qe2 f4 14.Bc1 g4 15.Nfd2 
f3 16.gxf3 Nxd4 17.Qd1 gxf3 18.Nxf3 Bh3 
19.Bg5 1-0

[Event "ACL-A086"]
[Site "www.playchess.de"]
[Date "2001.02.06"]
[Round "14"]
[White "Westqualmer"]
[Black "Vampyr"]
[WhiteElo "1500"]
[BlackElo "1500"]
[PlyCount "39"]
[Result "1-0"]

1.e4 c5 2.Nf3 Nc6 3.d4 cxd4 4.Nxd4 Nf6 5.Nc3 e5 
6.Ndb5 d6 7.Bg5 a6 8.Na3 b5 9.Bxf6 gxf6 10.Nd5 Bg7 
11.Bd3 f5 12.exf5 Qa5+ 13.Kf1 Nd4 14.c3 Bb7 15.Be4 
Nc6 16.Nf6+ Ke7 {i had done a mistake at the 
beginning i didn't know how to play on this 
website}  17.Nd5+ Ke8 18.Qg4 Bf8 19.Nf6+ Kd8 
20.Qh5 1-0

[Event "HCL-B158"]
[Site "www.playchess.de"]
[Date "2001.02.06"]
[Round "1"]
[White "Bauernopfer"]
[Black "Gruhni"]
[WhiteElo "1320"]
[BlackElo "1377"]
[PlyCount "67"]
[Result "1/2-1/2"]

1.e4 {Moin. Auf ein neues. Und ich habe weiß. :-)} 
 c5 2.Nf3 Nc6 {Ich wollte mal ne neue Eröffnung 
ausprobieren. Sonst wirds ja langweilig zwischen 
uns ;)}  3.Nc3 {Was ist an Sizilianisch neu? 
Übrigens ist mein Chef heute im Büro, daher: 
wenige Züge.}  d6 {Ich meine natürlich, dass ich 
die Eröffnung gegen dich noch nie mit Schwarz 
gespielt habe!}  4.Bb5 {Da konnte ich mich jetzt 
nicht dran erinnern. Ansonsten weiterhin frohes 
nichtstun.}  Bd7 {OK! Ich oute mich jetzt. Ich 
habe bisher auf 1. e4 immer mit e5 geantwortet, 
egal gegen wen :)}  5.d3 a6 {Du meinst auch, deine 
Antworten passen auf jede Frage ;)}  6.Bxc6 {Ich 
habe eben gar nichts gesagt. Das war ein Fehler 
des Servers}  Bxc6 {Ja, ja!}  7.O-O e6 8.Bg5 Be7 
9.Bxe7 {Jetzt sind plobi und Jeff Foster ja schon 
wieder dabei. Interessante Gruppe.}  Qxe7 {Ja! Das 
Wetter macht mir wegen Sonntag Bedenken!}  10.Qd2 
{Klasse, Schnee. Zum Glück muß ich aber nicht 
fahren.}  h6 11.a3 {Die Partie scheint ja jetzt 
schon verfahren zu sein. (Übrigens: Bauern. - 
Gruhni: 3,5-2,5)}  Qd7 12.Rfe1 {Aber es ging doch. 
Und so schlecht wie sonst bist du ja auch nicht 
gefahren.}  Ne7 {Scheint doch so, als ob ich heute 
mehrere Züge machen könnte!}  13.b4 {Ist das jetzt 
eine Überraschung.}  cxb4 14.axb4 {Scheint doch 
so, als ob ich heute viele Züge machen könnte!}  
O-O 15.Nd1 Rac8 16.c4 {.}  Ng6 {Hast du übrigens 
gesehen: Wir sind 2-ter nach dem gestrigen Spiel!} 
 17.Nd4 {Ja, war auch auf der Seite. Battenberg 
hat verloren und somit sind wir 2.}  e5 {Neuigkeit 
Nr.2: Deine DWZ ist 1438 nach den Wetlarer SM!}  
18.Nxc6 {Nein, das habe ich auch schon gewußt. Wie 
gesagt, mein Chef ist im Urlaub.}  Rxc6 19.Ne3 
{Machst du eigentlich keine Mittagspause?}  Ne7 
{Doch, von 12-13 Uhr.}  20.d4 {Habt ihr da eine 
Kantine oder wo ißt du?}  Rd8 {Wir haben eine 
Kantine, aber ich esse woanders!}  21.d5 {Wolltest 
du nicht den Turm ein Feld weitersetzen?}  Rc7 
{Ne, dazu bin ich viel zu feige!}  22.Rec1 {Der 
player director funktioniert auch wieder. Du bist 
mit 125 spielen der Drittaktivste hier.}  Rdc8 
23.Rc3 {Jetzt hast du aber ein tempi verloren.}  
f5 {Meine Stellung ist echt beschissen. Ich muss 
aufreissen!}  24.exf5 {Das war ein billiges 
Täuschungsmanöver}  Nxf5 {Würde ich doch nie 
machen!}  25.Nxf5 {;)}  Qxf5 {Wehe du spielst 26. 
Tf3. Dann gibt was auf die Ohren ;)}  26.Rac1 
{Hatte ich nicht vor.}  Rf7 27.Rf3 Qh7 {Und jetzt 
spielt er es}  28.Rxf7 Kxf7 29.g3 {.}  Qe4 {So, 
dann will ich mich mal in feindliche Regionen 
wagen!}  30.f3 {Gefährlich.}  Qh7 {Ok, dann will 
ich mal wieder in Regionen gehen, wo es sicherer 
ist :)}  31.f4 {Wußtest du, daß den Unternehmen 
durch privates Surfen am Arbeitsplatz 5Mrd. 
jährlich verloren gehen?}  Re8 {Nein, und du?}  
32.fxe5 {Ich bin nur Zivi!!!!!}  Rxe5 {Ja und, 
sind die in der Statistik nicht erfasst?}  33.Rf1+ 
{Ja, die verdienen so wenig, daß das statistisch 
nicht auffällt.}  Kg8 34.Qf2 {Verdammt, ich komm 
hier nicht mehr weiter.}  1/2-1/2

[Event "HCL-B158"]
[Site "www.playchess.de"]
[Date "2001.02.06"]
[Round "5"]
[White "Jeff_Foster"]
[Black "Gruhni"]
[WhiteElo "1364"]
[BlackElo "1377"]
[PlyCount "51"]
[Result "1-0"]

1.d4 e6 2.c4 Bb4+ 3.Bd2 Bxd2+ 4.Qxd2 c6 5.Nc3 d5 
6.e3 Nf6 7.Nf3 Nbd7 8.Bd3 Qe7 9.O-O h6 10.Rfe1 O-O 
11.cxd5 cxd5 12.Rac1 a6 13.Rc2 b5 14.Rec1 Bb7 
15.Ne2 Rac8 16.R2c7 Rxc7 17.Rxc7 Bc8 18.Qc2 Qd8 
19.Nf4 Nb8 20.Ne5 Nfd7 21.Rxc8 Qxc8 22.Bh7+ Kh8 
23.Neg6+ fxg6 24.Nxg6+ Kxh7 {Yeah, now it's 
getting ugly ;)}  25.Nxf8+ {yeah, discovered 
double checks, messy! :-)}  Kh8 {Congratiulations, 
I'll give you the possibility to checkmate me, 
because I'll not suffer anymore ;)}  
26.Qh7+ 1-0

[Event "HCL-B158"]
[Site "www.playchess.de"]
[Date "2001.02.06"]
[Round "8"]
[White "Gruhni"]
[Black "assmonkey"]
[WhiteElo "1377"]
[BlackElo "1200"]
[PlyCount "35"]
[Result "1-0"]

1.e4 e5 {Viel Glück}  2.Nf3 Nc6 3.Bc4 Nf6 4.d3 Bc5 
5.Nc3 O-O 6.Bg5 h6 7.Bh4 d6 8.Nd5 Be6 9.Nxf6+ gxf6 
10.Qd2 Nd4 11.Nxd4 Bxd4 12.Qxh6 Bxb2 {This doesn't 
look good.}  13.Rb1 {Yes, but I don't want to 
loose my rock nevertheless.}  Bc3+ 14.Ke2 {... and 
my king ;)}  d5 15.Bxf6 Qxf6 16.Qxf6 dxc4 {I am 
running out of moves.}  17.Rxb7 Rab8 
18.Rhb1 1-0